| 000 | 01201cam a22003254a 4500 | ||
|---|---|---|---|
| 999 |
_c331238 _d331238 |
||
| 001 | 16150118 | ||
| 003 | Nust | ||
| 005 | 20180117090025.0 | ||
| 008 | 100324s2010 pk af 001 0aeng | ||
| 010 | _a 2010341609 | ||
| 020 | _a9780195477795 | ||
| 025 | _aP-E-2010341609; 28 | ||
| 040 |
_aDLC _cDLC |
||
| 042 | _alcode | ||
| 043 | _aa-pk--- | ||
| 050 | 0 | 0 |
_aDS385.M36 _bA3 2010 |
| 082 | _a954.9104 | ||
| 100 | 1 |
_aMarker, Jamsheed, _d1922- |
|
| 245 | 1 | 0 |
_aQuiet diplomacy : _bmemoirs of an ambassador of Pakistan / _cJamsheed Marker ; foreword by Stanley Wolpert. |
| 260 |
_aKarachi : _bOxford University Press, _c2010. |
||
| 300 |
_axii, 448 p., [20] p. of plates : _bill. (some col.) ; _c24 cm. |
||
| 500 | _aIncludes index. | ||
| 600 | 1 | 0 |
_aMarker, Jamsheed, _d1922- |
| 650 | 0 |
_aAmbassadors _zPakistan _vBiography. |
|
| 651 | 0 |
_aPakistan _xForeign relations. |
|
| 906 |
_a7 _bcbc _corigode _d3 _encip _f20 _gy-gencatlg |
||
| 942 |
_2ddc _cBK |
||